Представление документа в формате RUSMARC

ПолеНазваниеЗначение
  Тип записи a
  Библиографический уровень a
001 Контрольный номер RU/CBS_UL/BASE/8ba0759bf26345dcbd0ecbd149b793ad
005 Дата корректировки 20230510125240.4
100 Данные общей обработки __
a Данные общей обработки 20230510 ||| 0rusy0189 ca
101 Язык документа 0_
a Язык текста rus
102 Страна публикации __
a Страна публикации RU
200 Заглавие и сведения об ответственности 1_
a Заглавие Сталин - сын Пржевальского?
e Сведения, относящиеся к заглавию [был ли известный путешественник Н. М. Пржевальский отцом Сталина?]
f Первые сведения об ответственности А. Чинаев
300 Общие примечания __
a Общие примечания 16+
461 Уровень набора _0
1 2000
a Все загадки мира
463 Уровень физической единицы _0
1 2000
a № 2
v С. 17-19 : фото
1 2101
d 2023
1 001RU/CBS_UL/BASE/b4d3363adeed4f9490f19009f24f307b
600 Персоналии _1
a Персоналии (Фамилия) Пржевальский
b Персоналии (Имя, инициалы) Н. М.
600 Персоналии _1
a Персоналии (Фамилия) Сталин
b Персоналии (Имя, инициалы) И. В.
606 Тематические рубрики 0_
a Основная рубрика Сталин, Иосиф Виссарионович (1878-1953)
610 Ключевые слова 0_
a Ключевые слова советские государственные деятели
610 Ключевые слова 0_
a Ключевые слова советские политические деятели
610 Ключевые слова 0_
a Ключевые слова советские партийные деятели
610 Ключевые слова 0_
a Ключевые слова советские вожди
610 Ключевые слова 0_
a Ключевые слова партийные лидеры
610 Ключевые слова 0_
a Ключевые слова путешественники
610 Ключевые слова 0_
a Ключевые слова русские путешественники
686 Индексы других классификаций __
2 Код системы rubbk
a Классификационный индекс 63.3(2)6
700 Автор _1
a Фамилия Чинаев
b Имя (инициалы) А.
801 Источник записи _0
a Страна RU
b Организация МБУК ЦБС г. Ульяновска
c Дата составления 20230510
g Правила каталогизации RCR
801 Источник записи _1
a Страна RU
b Организация МБУК ЦБС г. Ульяновска
c Дата составления 20230510
g Правила каталогизации RCR
901 Тип документа __
t Тип документа b
w Контрольный № источника RU/CBS_UL/BASE/b4d3363adeed4f9490f19009f24f307b